Online
Catalog

La cosecha / (Record no. 11023)

MARC details
000 -CABECERA
campo de control de longitud fija 00632nam a2200205 a 4500
001 - NÚMERO DE CONTROL
campo de control 000011316
005 - FECHA Y HORA DE LA ÚLTIMA TRANSACCIÓN
campo de control 20250228152923.0
008 - DATOS DE LONGITUD FIJA--INFORMACIÓN GENERAL
campo de control de longitud fija 091016s1984 dr r 000 d spa d
040 ## - FUENTE DE LA CATALOGACIÓN
Centro catalogador/agencia de origen DO-SdBNP
Lengua de catalogación spa
Centro/agencia transcriptor BNPHU
082 ## - NÚMERO DE LA CLASIFICACIÓN DECIMAL DEWEY
Número de clasificación RD862.44
Número de documento/Ítem C352c
100 1# - ENTRADA PRINCIPAL--NOMBRE DE PERSONA
Nombre de persona Castillo, Efraím,
Fechas asociadas al nombre 1940-
9 (RLIN) 28022
245 13 - MENCIÓN DE TÍTULO
Título La cosecha /
Mención de responsabilidad, etc. Efraim Castillo.
246 13 - FORMA VARIANTE DE TÍTULO
Título propio/Titulo breve La cosecha :
Resto del título drama en doce cuadros
260 ## - PUBLICACIÓN, DISTRIBUCIÓN, ETC.
Lugar de publicación, distribución, etc. Santo Domingo :
Nombre del editor, distribuidor, etc. Taller,
Fecha de publicación, distribución, etc. 1984.
300 ## - DESCRIPCIÓN FÍSICA
Extensión 147 p. ;
Dimensiones 21 cm.
490 1# - MENCIÓN DE SERIE
Mención de serie Biblioteca taller
Designación de volumen o secuencia 180
590 ## - NOTA LOCAL (RLIN)
Nota local Inventariado, 2019 / DG
830 #0 - PUNTO DE ACCESO ADICIONAL DE SERIE-TÍTULO UNIFORME
Título uniforme Biblioteca taller
Número de parte o sección de la obra 180
9 (RLIN) 14575
910 ## - DATOS DE OPCIÓN DEL USUARIO (OCLC)
Datos de opción del usuario Validado. Control de calidad. MFF
Holdings
Estado de retiro Estado de pérdida No para préstamo Código de colección Localización permanente Ubicación/localización actual Ubicación en estantería Fecha de adquisición Número de inventario Total de préstamos Signatura topográfica completa Código de barras Fecha visto por última vez Precio válido a partir de Tipo de ítem Koha Número de copia
    Excluido de préstamo Patrimonio Dominicano Patrimonio Dominicano Patrimonio Dominicano Depósito 16.10.2009 LF1   RD862.44 C352c 11316-10 25.06.2020 25.06.2020 Libro y Folleto Colección Patrimonio Dominicano  
    Excluido de préstamo Patrimonio Dominicano Patrimonio Dominicano Patrimonio Dominicano Depósito 16.10.2009 LF1   RD862.44 C352c 11316-20 25.06.2020 25.06.2020 Libro y Folleto Colección Patrimonio Dominicano e. 2

Powered by Koha